<?xml version="1.0" encoding="UTF-8"?><?xml-stylesheet type="text/xsl" href="static/style.xsl"?><OAI-PMH xmlns="http://www.openarchives.org/OAI/2.0/" xmlns:xsi="http://www.w3.org/2001/XMLSchema-instance" xsi:schemaLocation="http://www.openarchives.org/OAI/2.0/ http://www.openarchives.org/OAI/2.0/OAI-PMH.xsd"><responseDate>2026-04-18T05:57:49Z</responseDate><request verb="GetRecord" identifier="oai:www.recercat.cat:10459.1/469124" metadataPrefix="marc">https://recercat.cat/oai/request</request><GetRecord><record><header><identifier>oai:recercat.cat:10459.1/469124</identifier><datestamp>2025-11-25T19:50:55Z</datestamp><setSpec>com_2072_3622</setSpec><setSpec>col_2072_479130</setSpec></header><metadata><record xmlns="http://www.loc.gov/MARC21/slim" xmlns:dcterms="http://purl.org/dc/terms/" xmlns:xsi="http://www.w3.org/2001/XMLSchema-instance" xmlns:doc="http://www.lyncode.com/xoai" xsi:schemaLocation="http://www.loc.gov/MARC21/slim http://www.loc.gov/standards/marcxml/schema/MARC21slim.xsd">
   <leader>00925njm 22002777a 4500</leader>
   <datafield ind2=" " ind1=" " tag="042">
      <subfield code="a">dc</subfield>
   </datafield>
   <datafield ind2=" " ind1=" " tag="720">
      <subfield code="a">Oms Oliu, Gemma</subfield>
      <subfield code="e">author</subfield>
   </datafield>
   <datafield ind2=" " ind1=" " tag="720">
      <subfield code="a">Hertog,  M.L.A.T.M.</subfield>
      <subfield code="e">author</subfield>
   </datafield>
   <datafield ind2=" " ind1=" " tag="720">
      <subfield code="a">Poel,  B. Van de</subfield>
      <subfield code="e">author</subfield>
   </datafield>
   <datafield ind2=" " ind1=" " tag="720">
      <subfield code="a">Ampofo-Asiama, J.</subfield>
      <subfield code="e">author</subfield>
   </datafield>
   <datafield ind2=" " ind1=" " tag="720">
      <subfield code="a">Geeraerd,  A.H.</subfield>
      <subfield code="e">author</subfield>
   </datafield>
   <datafield ind2=" " ind1=" " tag="720">
      <subfield code="a">Nicolaï,  B.M.</subfield>
      <subfield code="e">author</subfield>
   </datafield>
   <datafield ind2=" " ind1=" " tag="260">
      <subfield code="c">2011</subfield>
   </datafield>
   <datafield ind2=" " ind1=" " tag="520">
      <subfield code="a">Tomato is an important crop in terms of its economic and nutritional value. Tomato fruit quality is a function of metabolite content, which is prone to physiological changes related to fruit development and ripening. The aim of this work was to use a metabolomic approach to characterize compositional changes (sugars, acids and amino acids) of tomato during preharvest fruit development, ripening, and postharvest shelf-life. Gas chromatography–mass spectrometry was used to identify both polar and volatile metabolites that were involved in fruit development and ripening. Characteristic metabolites for the various fruit developmental stages were identified. Mannose, citramalic, gluconic and keto-l-gulonic acids were shown to be strongly correlated to final postharvest stages. During on-vine ripening, an increase was observed for the major hexoses, glucose and fructose, cell wall components such as galacturonic acid, and for amino acids such as aspartic, glutamic acid and methionine. Major changes were also observed at the level of the TCA cycle, showing a decrease in malic and fumaric acids, and accumulation of citric acid.</subfield>
   </datafield>
   <datafield ind2=" " ind1=" " tag="520">
      <subfield code="a">This research was supported by the Departament d’Universitats Recerca i Societat de la Informació of the Generalitat de Catalunya (Spain), which awarded author G. Oms-Oliu a post-doctoral grant. Elfie Dekempeneer is greatly acknowledged for technical assistance with GC-MS analysis. We would like to thank the IWT (PhD grant of Bram Van de Poel) and the Research Fund of the K.U. Leuven (DBOF/08/033, Jerry Ampofo-Asiama) for financial support.</subfield>
   </datafield>
   <datafield ind1="8" ind2=" " tag="024">
      <subfield code="a">http://hdl.handle.net/10459.1/469124</subfield>
   </datafield>
   <datafield tag="653" ind2=" " ind1=" ">
      <subfield code="a">Tomato</subfield>
   </datafield>
   <datafield tag="653" ind2=" " ind1=" ">
      <subfield code="a">Fruit quality</subfield>
   </datafield>
   <datafield tag="653" ind2=" " ind1=" ">
      <subfield code="a">Ripening</subfield>
   </datafield>
   <datafield tag="653" ind2=" " ind1=" ">
      <subfield code="a">GC–MS</subfield>
   </datafield>
   <datafield tag="653" ind2=" " ind1=" ">
      <subfield code="a">Metabolic profiling</subfield>
   </datafield>
   <datafield ind2="0" ind1="0" tag="245">
      <subfield code="a">Metabolic characterization of tomato fruit during preharvest development, ripening, and postharvest shelf-life</subfield>
   </datafield>
</record></metadata></record></GetRecord></OAI-PMH>